Villes sportives européennes - Statistiques

Statistiques générales
  • Ce quiz a été pris 104 fois
  • Le résultat moyen est 26 sur 90
Statistiques - réponses
Pays UCL CC FECL EHFCL Ville % Correct
🇫🇷 Paris
93%
🇪🇸 Barcelone
85%
🇪🇸 Madrid
83%
🏴󠁧󠁢󠁥󠁮󠁧󠁿 Londres
78%
🇩🇰 Copenhague
75%
🇩🇪 Berlin
72%
🇮🇹 Milan
72%
🇫🇷 Toulouse
69%
🇩🇪 Munich
68%
🇬🇷 Athènes
67%
🇵🇹 Lisbonne
67%
🇫🇷 Lyon
67%
🏴󠁧󠁢󠁥󠁮󠁧󠁿 Manchester
67%
🇮🇹 Rome
67%
🇵🇹 Porto
59%
🇮🇪 Dublin
58%
🇪🇸 Séville
58%
🇮🇹 Naples
56%
🇫🇷 Bordeaux
55%
🇹🇷 Istanbul
55%
🇧🇪 Anvers
53%
🇷🇸 Belgrade
49%
🇩🇪 Dortmund
49%
🇨🇭 Berne
48%
🏴󠁧󠁢󠁳󠁣󠁴󠁿 Glasgow
48%
🇭🇷 Zagreb
46%
🇫🇷 Toulon
45%
🇫🇷 La Rochelle
41%
🇫🇷 Lens
40%
🇫🇷 Montpellier
40%
🇳🇱 Rotterdam
38%
🇱🇹 Vilnius
34%
🏴󠁧󠁢󠁷󠁬󠁳󠁿 Cardiff
33%
🇩🇪 Leipzig
33%
🇳🇱 Eindhoven
32%
🏴󠁧󠁢󠁥󠁮󠁧󠁿 Newcastle
32%
🇺🇦 Donetsk
31%
🇵🇹 Braga
29%
🇫🇷 Strasbourg
28%
🇱🇻 Riga
26%
🇬🇬 Belfast
24%
🇫🇷 Bayonne
23%
🏴󠁧󠁢󠁥󠁮󠁧󠁿 Leicester
23%
🇦🇹 Salzbourg
22%
🇮🇱 Jerusalem
21%
🇬🇷 Thessalonique
20%
🇩🇰 Aalborg
19%
🇪🇸 Malaga
19%
🇿🇦 Le Cap
17%
🏴󠁧󠁢󠁥󠁮󠁧󠁿 Bristol
16%
🇫🇷 Nanterre
16%
🇪🇸 San Sebastian
16%
🏴󠁧󠁢󠁥󠁮󠁧󠁿 Bath
15%
🇩🇪 Kiel
14%
🇿🇦 Pretoria
14%
🇫🇷 Dijon
13%
🏴󠁧󠁢󠁥󠁮󠁧󠁿 Exeter
13%
🇹🇷 Izmir
13%
🇫🇷 Le Mans
9%
🇮🇪 Limerick
9%
🏴󠁧󠁢󠁥󠁮󠁧󠁿 Northampton
9%
🇩🇪 Bonn
8%
🇫🇷 Cholet
8%
🇵🇱 Kielce
8%
🇪🇸 Murcie
8%
🇹🇷 Bursa
7%
🇮🇪 Galway
7%
🇩🇪 Magdebourg
7%
🏴󠁧󠁢󠁥󠁮󠁧󠁿 Sale
6%
🇭🇺 Szeged
6%
🇸🇮 Celje
5%
🇧🇪 Ostende
5%
🇳🇴 Trondheim
5%
🇭🇺 Veszprem
5%
🇲🇰 Bitola
3%
🇩🇰 Gudme
3%
🇵🇱 Plock
3%
🇩🇪 Oldenbourg
2%
🇨🇿 Opava
2%
🇬🇷 Patras
2%
🇮🇹 Sassari
2%
🇪🇸 Tenerife
2%
🏴󠁧󠁢󠁥󠁮󠁧󠁿 Watford
2%
🇮🇱 Holon
1%
🇧🇦 Laktaši
1%
🇩🇪 Ludwigsbourg
1%
🇪🇸 Lugo
1%
🇵🇱 Szczecin
1%
🇭🇺 Szombathely
1%
🇮🇹 Tortona
1%
Aucun quiz correspondant
Distribution des résultats
% des personnes avec chaque résultat
Percentile par nombre de réponses
Votre historique - résultats
Vous n’avez pas pris ce quiz